Ballad of Jane Doe Lyrics (Ride The Cyclone) - Statistics

General Stats
  • This quiz has been taken 266 times
  • The average score is 242 of 316
Answer Stats
Hint Answer % Correct
a
98%
I
97%
me
94%
so
94%
oh
92%
where
92%
we
91%
an
90%
and
89%
be
89%
be
89%
my
89%
the
89%
no
88%
Lyrics: Some
88%
some
88%
who
88%
Who
88%
with
88%
Doe
87%
is
87%
we're
87%
all
86%
in
85%
Jane
85%
just
85%
know
85%
say
85%
soul
85%
why
85%
am
82%
die
82%
head
82%
it
82%
John
82%
lord
82%
might
82%
this
82%
how
81%
I'm
81%
one
81%
must
80%
pushing
80%
askin'
79%
deceased
79%
family
79%
hear
79%
I've
79%
Peter
79%
Saint
79%
you
79%
friends
78%
released
78%
forever
77%
eternally
76%
left
76%
tell
76%
been
75%
daisies
75%
fed
75%
or
75%
somewhere
75%
but
74%
forgot
74%
let
74%
there
74%
worms
74%
(aah
73%
ah
73%
(ah
73%
ah)
73%
ahh
73%
ahh)
73%
children
73%
end
73%
if
73%
rotting
73%
that
73%
time
73%
at
72%
goes
72%
last
72%
what
72%
eats
71%
forgotten
71%
song
71%
here
70%
name
70%
sham
70%
celebration
69%
fear
69%
there's
69%
tune
69%
his
68%
of
68%
does
67%
knows
67%
lingering
67%
feet
66%
got
66%
shame
66%
story
66%
street
66%
to
65%
like
64%
only
64%
anguish
63%
beneath
63%
complete
63%
ground
63%
never
63%
was
63%
cruel
62%
care
61%
old
61%
when
61%
anyone
60%
choir
60%
melody
60%
ooh
60%
won't
60%
air
59%
asking
59%
existence
59%
through
59%
consolation
58%
from
58%
floats
56%
she's
56%
silence
53%
sing
53%
that's
53%
way
52%
falls
50%
another
48%
lost
48%
I'll
47%
sad
47%
isn't
46%
refrain
43%
done
42%
now
42%
sigh
42%
said
40%
songs
40%
singing
37%
ahhh
30%
speculation
27%
sorry
24%
No matching quizzes found
Score Distribution
Percent of People with Each Score
Percentile by Number Answered
Your Score History
You have not taken this quiz